000137206 001__ 137206
000137206 005__ 20240827141131.0
000137206 037__ $$aGDOC-2023-26921
000137206 041__ $$aspa
000137206 041__ $$aeng
000137206 100__ $$0(orcid)0000-0002-1827-1250$$1329452$$aInés García, Rubio
000137206 24500 $$926921$$aFísica cuántica I
000137206 24200 $$926921$$aQuantum Physics I
000137206 260__ $$aZaragoza$$bUniversidad de Zaragoza$$c2023-2024
000137206 521__ $$9124$$aGrado en Física$$bDegree in Physics
000137206 540__ $$aby-nc-sa$$bCreative Commons$$c3.0$$uhttp://creativecommons.org/licenses/by-nc-sa/3.0/
000137206 700__ $$0(orcid)0000-0003-0381-3448$$1570857$$aFernando de León, Pérez
000137206 700__ $$1744798$$aAlejandro Sáinz, Agost
000137206 830__ $$9447
000137206 8564_ $$s7826$$uhttps://zaguan.unizar.es/record/137206/files/guia-26921-en.pdf$$yGuide (english)
000137206 8564_ $$s8269$$uhttps://zaguan.unizar.es/record/137206/files/guia-26921-es.pdf$$yGuía (idioma español)
000137206 970__ $$aGDOC-2023-26921
000137206 980__ $$aGDOC$$bSciences$$bCiencias$$c100